000 00503cam a2200181ua 4500
001 2260
008 110806n ii |||gr||||Z||||||asm
040 _cMAIN
082 _a370
100 _aGoswami, Prabodh Chandra,
245 1 _aBikash, sajagata- isleshan aru siksa sanskar
_cby Prabodh Chandra Goswami
250 _a1st.
260 _aGuahati:
_bBani Prakash pvt. ltd.,994.
300 _a242p:
_c23cm.
653 _aEducation
653 _aBikash, sajagata- isleshan aru siksa sanskar
942 _cBK
999 _c2127
_d2127